|
|
|
|
| LEADER |
00000nab a2200000 a 4500 |
| 001 |
vtls000549997 |
| 003 |
SK-MaSNL |
| 005 |
20260304095129.0 |
| 008 |
250425c1995 xo 0 slo |
| 015 |
|
|
|a SNBRB19rr/mm-uuuuu
|
| 035 |
|
|
|a CL0550135
|
| 035 |
|
|
|a urn:nbn:sk:snk-ab27kc
|
| 035 |
|
|
|a (urnnbn)urn:nbn:sk:snk:ar-a01vss
|
| 035 |
|
|
|a (uuid)2342669e-f41b-4ad5-90c9-07a01848d5bc
|
| 040 |
|
|
|a SNKBUCL
|b slo
|c SNKBUCL
|e AACR2
|
| 041 |
0 |
|
|a slo
|
| 044 |
|
|
|a xo
|c SK
|
| 080 |
|
|
|a 336.77:332
|2 1981
|
| 100 |
1 |
|
|a Preisinger, Dušan
|4 aut
|9 12093
|
| 245 |
1 |
0 |
|a Ekonomické aspekty zavedenia hypotekárnych úverov v SR
|c Dušan Preisinger
|
| 300 |
|
|
|b Sch. 2, tab. 3
|
| 650 |
0 |
7 |
|a úvery hypotekárne
|2 snkbucl
|9 838822
|
| 655 |
|
7 |
|a články z novín a časopisov
|2 snkbucl
|9 267496
|
| 773 |
0 |
|
|t Biatec
|g Roč. 3, č. 5 (1995), s. 5-7
|x 1335-0900
|
| 850 |
|
|
|a Slovenská národná knižnica
|
| 852 |
|
|
|a Slovenská národná knižnica
|
| 954 |
|
|
|a odborná, vedecká literatúra pôvodná (slovenská)
|2 lita
|
| 958 |
|
|
|a article2022
|
| 958 |
|
|
|a RK
|
| 958 |
|
|
|a SK
|
| 958 |
|
|
|a OND
|
| 958 |
|
|
|a EUIPO
|
| 992 |
|
|
|a RBX
|
| 999 |
|
|
|c 2830913
|d 2832843
|